|
|
|
|
| LEADER |
00000nam0a2200000 4500 |
| 001 |
225572 |
| 005 |
20231101230655.0 |
| 035 |
|
|
|a (RuTPU)RU\TPU\book\245924
|
| 090 |
|
|
|a 225572
|
| 100 |
|
|
|a 20121113d2004 km y0rusy50 ca
|
| 101 |
0 |
|
|a rus
|
| 102 |
|
|
|a RU
|
| 105 |
|
|
|a a z 001zy
|
| 200 |
1 |
|
|a Томский нефтехимический комбинат. Хроника
|e субъективные заметки директора научно-исследовательского центра
|f Э. Г. Полле
|
| 210 |
|
|
|a Томск
|c Асиновская типография
|d 2004
|
| 215 |
|
|
|a 377 с.
|c ил.
|
| 320 |
|
|
|a Фамильный указатель: с. 335-370.
|
| 320 |
|
|
|a Сокращения: с. 331-334.
|
| 601 |
0 |
2 |
|a Томский нефтехимический комбинат (ТНХК)
|2 stltpush
|3 (RuTPU)RU\TPU\col\223
|
| 606 |
1 |
|
|a Томский нефтехимический комбинат
|2 stltpush
|3 (RuTPU)RU\TPU\subj\64463
|9 81357
|
| 610 |
1 |
|
|a история
|
| 610 |
1 |
|
|a 20 век
|
| 610 |
1 |
|
|a предпусковой период
|
| 610 |
1 |
|
|a пуск
|
| 610 |
1 |
|
|a освоение
|
| 610 |
1 |
|
|a полипропилен
|
| 610 |
1 |
|
|a метанол
|
| 610 |
1 |
|
|a формалин
|
| 610 |
1 |
|
|a производство
|
| 610 |
1 |
|
|a перестройка
|
| 610 |
1 |
|
|a научные исследования
|
| 675 |
|
|
|a 665.65.013
|v 3
|
| 700 |
|
1 |
|a Полле
|b Э. Г.
|
| 801 |
|
1 |
|a RU
|b 63413507
|c 20121113
|
| 801 |
|
2 |
|a RU
|b 63413507
|c 20180419
|g RCR
|
| 942 |
|
|
|c BK
|